000 00559nam a2200181Ia 4500
008 090124s9999 xx 000 0 und d
082 _b41156
100 _aसंजिव खांडेकर
245 _a सर्च इंजिन
250 _a1
260 _bगं्रथाली प्रकाशन
_c2004
300 _a77
600 _aसंजिव खांडेकर
630 _a सर्च इंजिन
700 _aसंजिव खांडेकर
730 _a सर्च इंजिन
942 _cBOOK
999 _c107307
_d107307